|
|
|
|
| LEADER |
00677nam a2200181 a 4500 |
| 001 |
GR-MES1485 |
| 008 |
991111s gr 000 b eng d |
| 020 |
|
|
|a 0132370743
|
| 040 |
|
|
|a GrPaTEI
|b gre
|c GR-PaULI
|
| 245 |
0 |
0 |
|a Virtual leadership and the ISO9000 imperative.
|
| 260 |
|
|
|a New Jersey :
|b Prentice Hall,
|c c1996
|
| 300 |
|
|
|a 344σελ. :
|b εικ.
|
| 650 |
|
0 |
|a ISO 9000
|
| 700 |
1 |
|
|a Taormina, T.
|
| 942 |
|
|
|2 ddc
|
| 952 |
|
|
|0 0
|1 0
|2 ddc
|4 0
|6 658_562000000000000_TAO
|7 0
|9 265695
|a MSLG
|b MSLG
|c BSC
|d 2021-01-17
|e 24
|f 0
|g 0.00
|l 0
|o 658.562 TAO
|p 2420000007319
|r 2021-01-17 00:00:00
|t 1
|w 2021-01-17
|y BK15
|x 19991111 0 1
|x GrPaTEI
|
| 971 |
|
|
|a .b25725282
|b 15-04-20
|c 13-09-16
|
| 999 |
|
|
|c 152728
|d 152728
|